000 00450nmm a2200157Ia 4500
008 251105s9999||||xx |||||||||||||||||und||
020 _a9789562846639
041 _aspa
100 _aRosenmann, Mauricio
245 0 _aInvitación al garabato
264 _a[Santiago de Chile, Chile] :
_bRil editores,
_c2009
300 _a118 pƔginas
650 _aLatin American poetry
856 _uhttps://public.digitaliapublishing.com/a/29764
942 _cCF
999 _c94437
_d94437